[Event "I Torneo Hotel Petra B"]
[Site "Roma ITA"]
[Date "2004.03.08"]
[Round "1"]
[White "Antoniacci, Riccardo"]
[Black "Scacco, Mauro"]
[Result "0-1"]
[WhiteElo "2062"]
[BlackElo "2090"]
[PlyCount "64"]
[EventDate "2004.03.08"]

1. e4 e5 2. Bc4 Nf6 3. d4 Nc6 4. Nf3 Be7 5. dxe5 Ng4 6. Bf4 d6 7. exd6 cxd6 8.
h3 Nge5 9. Nxe5 dxe5 10. Qxd8+ Bxd8 11. Be3 f5 12. Nd2 f4 13. Bc5 Bd7 14. Nf3
Rc8 15. Bb5 Nb8 16. Bxd7+ Nxd7 17. Bb4 Rc4 18. Bc3 Rxe4+ 19. Kd2 Bb6 20. Raf1
O-O 21. b3 h6 22. Kd1 Rd8 23. Nd2 Nf6 24. Kc1 Re2 25. Nc4 Bxf2 26. Bxe5 b5 27.
Bxf6 gxf6 28. Nb2 Rdd2 29. Nd3 Rxc2+ 30. Kb1 Rxa2 31. Rc1 Bd4 32. Rc8+ Kf7 0-1

[Event "I Torneo Hotel Petra B"]
[Site "Roma ITA"]
[Date "2004.03.08"]
[Round "1"]
[White "Pienabarca, Nicola"]
[Black "Astengo, Marcello"]
[Result "0-1"]
[WhiteElo "2077"]
[BlackElo "2072"]
[PlyCount "86"]
[EventDate "2004.03.08"]

1. d4 d5 2. c4 c6 3. Nf3 e6 4. Nc3 dxc4 5. e4 b5 6. e5 Bb7 7. Be2 a6 8. O-O Nd7
9. Be3 Ne7 10. Ne4 Nd5 11. a3 c5 12. Qc2 Qc7 13. Neg5 cxd4 14. Bxd4 Nf4 15.
Rad1 Qc6 16. Bc3 Be7 17. h4 h6 18. Rxd7 Qxd7 19. Ne4 Qc6 20. Nd6+ Bxd6 21. exd6
O-O 22. Rd1 Rfd8 23. Be5 Ng6 24. Bg3 e5 25. Qd2 f6 26. h5 Nf8 27. Nh4 Qd7 28.
f4 Re8 29. f5 Be4 30. Rf1 Rad8 31. Qe3 Bd5 32. Rd1 Qxd6 33. Bf3 Qc6 34. Bf2
Bxf3 35. Rxd8 Rxd8 36. Nxf3 Qd5 37. Kh2 Qd3 38. Kg3 Qxe3 39. Bxe3 Rd3 40. Kf2
Nd7 41. Ke2 Rb3 42. Bc1 Nc5 43. g4 Nd3 0-1

[Event "I Torneo Hotel Petra B"]
[Site "Roma ITA"]
[Date "2004.03.08"]
[Round "1"]
[White "Verrascina, Nicola"]
[Black "Barletta, Antonio"]
[Result "1/2-1/2"]
[WhiteElo "2086"]
[BlackElo "2083"]
[PlyCount "39"]
[EventDate "2004.03.08"]

1. e4 e5 2. f4 d5 3. exd5 e4 4. d3 Nf6 5. dxe4 Nxe4 6. Qe2 Qxd5 7. Nc3 Bb4 8.
Bd2 Qxd2+ 9. Qxd2 Bxc3 10. bxc3 Nxd2 11. Kxd2 O-O 12. Bd3 Nc6 13. Nf3 Bg4 14.
Nd4 Nxd4 15. cxd4 Rad8 16. Kc3 Rfe8 17. Rhe1 Be6 18. Re5 g6 19. Rae1 Kf8 20.
Bc4 1/2-1/2

[Event "I Torneo Hotel Petra B"]
[Site "Roma ITA"]
[Date "2004.03.08"]
[Round "1"]
[White "Vocaturo, Daniele"]
[Black "Di Lazzaro, Gabriele"]
[Result "1-0"]
[WhiteElo "2154"]
[BlackElo "1990"]
[PlyCount "97"]
[EventDate "2004.03.08"]

1. e4 c5 2. Nf3 d6 3. d4 cxd4 4. Nxd4 Nf6 5. Nc3 Nc6 6. Bg5 e6 7. Qd2 Be7 8.
O-O-O O-O 9. Nb3 h6 10. Bxf6 Bxf6 11. Qxd6 Qb6 12. Qc5 Bxc3 13. bxc3 Qc7 14.
Rd6 e5 15. Bb5 Qe7 16. h4 Nd8 17. Rhd1 b6 18. Qb4 Qxh4 19. g3 Qg5+ 20. f4 exf4
21. R6d5 f5 22. Bc4 fxg3+ 23. Kb2 Ne6 24. Rxf5 Rxf5 25. exf5 g2 26. fxe6 Bxe6
27. Bxe6+ Kh8 28. Qd4 Rf8 29. Bc4 h5 30. Rg1 h4 31. Qd5 Qxd5 32. Bxd5 h3 33.
Bxg2 hxg2 34. Rxg2 Rf6 35. Nd4 g6 36. Kb3 Kh7 37. Kc4 a6 38. Kd5 Kh6 39. Ke5
Rf1 40. Rh2+ Kg7 41. Ne6+ Kg8 42. Rh6 Rf5+ 43. Kd6 Kf7 44. Rh7+ Kf6 45. Rh8 g5
46. Rf8+ Kg6 47. Rxf5 Kxf5 48. Nxg5 Kxg5 49. c4 1-0

[Event "I Torneo Hotel Petra B"]
[Site "Roma ITA"]
[Date "2004.03.09"]
[Round "2"]
[White "Almonti, Alessandro"]
[Black "Pienabarca, Nicola"]
[Result "1-0"]
[WhiteElo "1894"]
[BlackElo "2077"]
[PlyCount "123"]
[EventDate "2004.03.08"]

1. e4 e6 2. d3 c5 3. Nc3 g6 4. Be3 d6 5. g3 Bg7 6. Bg2 Ne7 7. Qd2 Nbc6 8. Nf3
e5 9. O-O Nd4 10. Ne2 Nec6 11. c3 Nxf3+ 12. Bxf3 Bh3 13. Bg2 Qd7 14. Bh6 Bf6
15. f4 Bxg2 16. Kxg2 Qe7 17. Ng1 Rg8 18. Nh3 O-O-O 19. Bg5 Bxg5 20. fxg5 h6 21.
gxh6 g5 22. Qf2 Rdf8 23. Qf5+ Kc7 24. Nf2 Rg6 25. Ng4 Qd8 26. Qf2 Qc8 27. h3
Qe6 28. Qf5 Qe8 29. Nf6 Qc8 30. Nd5+ Kb8 31. Qxc8+ Kxc8 32. Rf6 Rxf6 33. Nxf6
Rh8 34. h7 Kd8 35. Rf1 Ke7 36. Rf5 Nd8 37. Rxg5 Kxf6 38. Rg8 Rxh7 39. Rxd8 Ke6
40. Re8+ Kd7 41. Rf8 Kc6 42. c4 b5 43. g4 a6 44. Kg3 Kb6 45. Rd8 Kc7 46. Rf8
Kb6 47. g5 Ka5 48. Rd8 Rg7 49. h4 Rg6 50. Rd7 bxc4 51. dxc4 Kb4 52. b3 Ka3 53.
Rxf7 Kxa2 54. Rf3 Ka3 55. Kg4 Kb4 56. h5 Rg8 57. g6 a5 58. Kg5 a4 59. bxa4 Kxc4
60. h6 Kd4 61. g7 Kxe4 62. Rf8 1-0

[Event "I Torneo Hotel Petra B"]
[Site "Roma ITA"]
[Date "2004.03.09"]
[Round "2"]
[White "Astengo, Marcello"]
[Black "Antoniacci, Riccardo"]
[Result "0-1"]
[WhiteElo "2072"]
[BlackElo "2062"]
[PlyCount "156"]
[EventDate "2004.03.08"]

1. d4 e6 2. Nf3 f5 3. d5 Bd6 4. Nc3 e5 5. e4 fxe4 6. Nxe4 Nf6 7. Bg5 O-O 8. Be2
Be7 9. d6 cxd6 10. Nxd6 e4 11. Nxc8 Qxc8 12. Nd4 Qc5 13. Qd2 Nc6 14. Nb3 Qf5
15. O-O d5 16. Rad1 d4 17. Qf4 Qxf4 18. Bxf4 Rad8 19. Bc7 Rd7 20. Bg3 a6 21.
Bc4+ Kh8 22. Be6 Rdd8 23. Bc7 Rde8 24. Bh3 Nd5 25. Bg3 Bf6 26. Bd7 Rd8 27. Bxc6
bxc6 28. Nxd4 e3 29. Rfe1 Bxd4 30. Rxd4 Rde8 31. f3 Rf6 32. a3 Rfe6 33. Re2 h6
34. c4 Ne7 35. Re4 Nf5 36. Rxe6 Rxe6 37. Bf4 g5 38. Bc7 Nd4 39. Kf1 Nxe2 40.
Kxe2 Kg8 41. Bb6 Kf7 42. Bxe3 Kg6 43. Kd3 Kf5 44. g3 g4 45. fxg4+ Kxg4 46. Bf4
h5 47. h4 Kf3 48. b4 Re2 49. a4 Ra2 50. a5 Re2 51. Kd4 Re4+ 52. Kc5 Ke2 53. Bd6
Kd3 54. Kb6 Kxc4 55. Kxa6 Kd5 56. Bc5 Rg4 57. Kb7 Rg7+ 58. Kc8 Kc4 59. a6 Kb5
60. a7 Rg8+ 61. Kd7 Ra8 62. Ke6 Ka6 63. Kf5 Rg8 64. Kf4 Kb7 65. Kf3 Rg4 66. Kf2
Rc4 67. Kf3 Ka8 68. Kf2 Rc3 69. Kg2 Ra3 70. Kf2 Kb7 71. Kg2 Kc8 72. Kf2 Kd7 73.
Kg2 Ke6 74. Kf2 Kf5 75. Kg2 Kg4 76. Bf2 Ra2 77. Kh2 Rxf2+ 78. Kg1 Ra2 0-1

[Event "I Torneo Hotel Petra B"]
[Site "Roma ITA"]
[Date "2004.03.09"]
[Round "2"]
[White "Barletta, Antonio"]
[Black "Vocaturo, Daniele"]
[Result "1/2-1/2"]
[WhiteElo "2083"]
[BlackElo "2154"]
[PlyCount "121"]
[EventDate "2004.03.08"]

1. e4 c5 2. Nf3 d6 3. d4 cxd4 4. Nxd4 Nf6 5. Nc3 g6 6. Be3 Bg7 7. f3 O-O 8. Bc4
Nc6 9. Qd2 Bd7 10. h4 Ne5 11. Bb3 Qa5 12. O-O-O Rfc8 13. h5 Rxc3 14. Qxc3 Qxc3
15. bxc3 Nxh5 16. Ne2 a5 17. a4 Rc8 18. Rd5 b5 19. axb5 a4 20. Rxh5 axb3 21.
Rhxe5 Bxe5 22. b6 e6 23. Ra5 d5 24. exd5 Bb8 25. dxe6 Bxe6 26. cxb3 Bxb3 27.
Kb2 Bc4 28. Nd4 Re8 29. Bh6 Bd6 30. b7 Rb8 31. Ra8 Bd5 32. Nb5 Bxb7 33. Rxb8+
Bxb8 34. Kb3 f6 35. Be3 g5 36. Bd4 Kf7 37. Kc4 h5 38. Kc5 g4 39. Nd6+ Bxd6+ 40.
Kxd6 gxf3 41. gxf3 Bxf3 42. Bf2 Kg6 43. Bh4 Be2 44. Ke7 f5 45. Ke6 f4 46. Ke5
f3 47. Kf4 Kf7 48. c4 Ke6 49. c5 Kd5 50. Bf2 Bd1 51. Kg5 Ke4 52. c6 Ba4 53. c7
Bd7 54. Kxh5 Kf4 55. Kg6 Ke4 56. Kf6 Kd3 57. Ke7 Bh3 58. Kd8 Ke2 59. Bg3 f2 60.
Bxf2 Kxf2 61. c8=Q 1/2-1/2

[Event "I Torneo Hotel Petra B"]
[Site "Roma ITA"]
[Date "2004.03.09"]
[Round "2"]
[White "Scacco, Mauro"]
[Black "Verrascina, Nicola"]
[Result "1/2-1/2"]
[WhiteElo "2090"]
[BlackElo "2086"]
[PlyCount "108"]
[EventDate "2004.03.08"]

1. e4 c5 2. Nf3 d6 3. c3 Nf6 4. Bd3 Nc6 5. Bc2 Bg4 6. h3 Bh5 7. d3 d5 8. Nbd2
e6 9. O-O Be7 10. Qe2 O-O 11. g4 dxe4 12. dxe4 Bg6 13. Nh4 Qc7 14. f4 Nd7 15.
Ndf3 Bxh4 16. Nxh4 f6 17. Nxg6 hxg6 18. Bb3 Rae8 19. f5 Qg3+ 20. Qg2 Qxg2+ 21.
Kxg2 Nd8 22. Be3 b6 23. Rad1 Ne5 24. Bf4 c4 25. Ba4 Re7 26. Bxe5 fxe5 27. fxg6
Nb7 28. Rxf8+ Kxf8 29. h4 Rc7 30. h5 Nc5 31. Rd8+ Ke7 32. Rg8 Kf6 33. Rf8+ Kg5
34. Rf7 Rc8 35. Bb5 Kxg4 36. Bxc4 Kxh5 37. Rxg7 Rd8 38. Rxa7 Kxg6 39. b4 Nxe4
40. Bxe6 Nxc3 41. Ra6 Rd6 42. Bc4 Kf5 43. Kf3 Rd4 44. Bb3 Rxb4 45. Ra8 Nb5 46.
Rf8+ Kg6 47. Ke3 Nd4 48. Bd5 Nf5+ 49. Ke2 Rd4 50. Bb3 Rh4 51. Re8 Nd4+ 52. Kd3
Nxb3 53. axb3 Rh3+ 54. Kc4 Kf5 1/2-1/2

[Event "I Torneo Hotel Petra B"]
[Site "Roma ITA"]
[Date "2004.03.10"]
[Round "3"]
[White "Antoniacci, Riccardo"]
[Black "Almonti, Alessandro"]
[Result "0-1"]
[WhiteElo "2062"]
[BlackElo "1894"]
[PlyCount "142"]
[EventDate "2004.03.08"]

1. d4 f5 2. Bg5 h6 3. Bf4 Nf6 4. Nc3 e6 5. e3 Bb4 6. Nge2 b6 7. a3 Bxc3+ 8.
Nxc3 d6 9. Qf3 c6 10. Qg3 Kf7 11. Be2 Ba6 12. Bxa6 Nxa6 13. Bxd6 Rc8 14. Be5
Nc7 15. O-O Ncd5 16. Nxd5 cxd5 17. Bxf6 Qxf6 18. c3 Rc6 19. f3 g5 20. e4 Rhc8
21. Rae1 f4 22. Qh3 Rd8 23. Re2 Qg6 24. Rfe1 h5 25. exd5 Rxd5 26. Re5 Rxe5 27.
dxe5 Rc5 28. g4 h4 29. Qg2 Rd5 30. Qe2 Qd3 31. Qxd3 Rxd3 32. Kf2 Ke7 33. Re4
Rd2+ 34. Re2 Rd1 35. c4 h3 36. Re1 Rd4 37. b3 Rd3 38. Rb1 Rd2+ 39. Kg1 Rg2+ 40.
Kh1 Rf2 41. b4 Rxf3 42. c5 Re3 43. cxb6 axb6 44. a4 Rxe5 45. b5 Kd7 46. Kg1 Re2
47. Rc1 Rg2+ 48. Kh1 Ra2 49. Rd1+ Ke7 50. Rc1 Rxa4 51. Kg1 Rb4 52. Rc7+ Kf6 53.
Rh7 Rxb5 54. Rxh3 Ke5 55. Rh6 Kd6 56. Rh5 Re5 57. h4 gxh4 58. Rxh4 b5 59. Kf2
Rg5 60. Kf3 b4 61. Kxf4 Rb5 62. g5 b3 63. Rh1 b2 64. Rb1 Rb4+ 65. Ke3 Ke5 66.
Kd3 Kf5 67. Rf1+ Kxg5 68. Rg1+ Kf5 69. Rf1+ Ke5 70. Rb1 Kd5 71. Kc2 Kc4 0-1

[Event "I Torneo Hotel Petra B"]
[Site "Roma ITA"]
[Date "2004.03.10"]
[Round "3"]
[White "Di Lazzaro, Gabriele"]
[Black "Barletta, Antonio"]
[Result "1-0"]
[WhiteElo "1990"]
[BlackElo "2083"]
[PlyCount "91"]
[EventDate "2004.03.08"]

1. e4 e5 2. d4 exd4 3. Qxd4 Nc6 4. Qe3 Nf6 5. Nc3 Bb4 6. Bd2 O-O 7. O-O-O Re8
8. Qg3 d6 9. f3 Be6 10. Nge2 Ne5 11. Bg5 Ng6 12. f4 Bd7 13. Bxf6 Qxf6 14. Nd5
Qd8 15. Nxb4 Rxe4 16. Nd3 Qe8 17. Nc3 Re3 18. Qf2 Bc6 19. Be2 a5 20. Rhe1 b5
21. Bf3 Rxe1 22. Rxe1 Qd7 23. f5 Nf8 24. Qg3 Re8 25. Rxe8 Qxe8 26. Qe1 Qxe1+
27. Nxe1 Bxf3 28. Nxf3 b4 29. Nb5 c5 30. Nxd6 Nd7 31. Kd2 Kf8 32. Kd3 Nb6 33.
Ne5 Na4 34. Nec4 Ke7 35. Ne4 g6 36. fxg6 hxg6 37. b3 f5 38. bxa4 fxe4+ 39. Kxe4
Ke6 40. Nxa5 Kd6 41. h4 Ke6 42. g4 Kd6 43. h5 gxh5 44. gxh5 Ke6 45. Nc4 Kf6 46.
a5 1-0

[Event "I Torneo Hotel Petra B"]
[Site "Roma ITA"]
[Date "2004.03.10"]
[Round "3"]
[White "Verrascina, Nicola"]
[Black "Astengo, Marcello"]
[Result "1-0"]
[WhiteElo "2086"]
[BlackElo "2072"]
[PlyCount "55"]
[EventDate "2004.03.08"]

1. e4 c6 2. d4 d5 3. e5 Bf5 4. Nf3 Nd7 5. Be2 e6 6. O-O c5 7. Be3 Rc8 8. c4
dxc4 9. d5 b5 10. a4 a6 11. axb5 axb5 12. Nc3 Qb6 13. b3 exd5 14. Nxd5 Qb7 15.
bxc4 b4 16. Qa4 Ne7 17. Rfd1 Be4 18. Nb6 Rc7 19. Nxd7 Rxd7 20. e6 fxe6 21. Ne5
Bc6 22. Rxd7 Bxd7 23. Qd1 Nc8 24. Ra6 Nb6 25. Rxb6 Qc7 26. Rb8+ Bc8 27. Qa4+
Kd8 28. Bg5+ 1-0

[Event "I Torneo Hotel Petra B"]
[Site "Roma ITA"]
[Date "2004.03.10"]
[Round "3"]
[White "Vocaturo, Daniele"]
[Black "Scacco, Mauro"]
[Result "1-0"]
[WhiteElo "2154"]
[BlackElo "2090"]
[PlyCount "105"]
[EventDate "2004.03.08"]

1. e4 e5 2. Nf3 Nc6 3. d4 d6 4. dxe5 Nxe5 5. Nxe5 dxe5 6. Qxd8+ Kxd8 7. Bc4 Ke8
8. Nc3 Nf6 9. O-O Bc5 10. Nb5 Bb6 11. Be3 Bd7 12. Bxb6 Bxb5 13. Bxb5+ c6 14.
Bxc6+ bxc6 15. Bc7 Nd7 16. Rad1 Rc8 17. Ba5 Rb8 18. Rd6 Rxb2 19. Rxc6 Ke7 20.
Rd1 Rb7 21. a3 f6 22. c4 Nb8 23. Bb4+ Kf7 24. Rc5 Re8 25. h3 Re6 26. Rcd5 Rc6
27. c5 Rb5 28. Rd8 a5 29. Bxa5 Rxa5 30. Rxb8 Raxc5 31. Rd7+ Kg6 32. Rg8 h6 33.
Rdxg7+ Kh5 34. g4+ Kh4 35. Rg6 f5 36. Rxc6 Rxc6 37. gxf5 Kxh3 38. Rg3+ Kh4 39.
Kg2 h5 40. Rg6 Rc4 41. f6 Rxe4 42. f7 Rf4 43. Rg7 Rf5 44. Kf1 Kh3 45. a4 h4 46.
a5 Kh2 47. a6 h3 48. a7 e4 49. a8=Q Rxf2+ 50. Kxf2 e3+ 51. Kf3 e2 52. Qb8+ Kh1
53. Qb1+ 1-0

[Event "I Torneo Hotel Petra B"]
[Site "Roma ITA"]
[Date "2004.03.11"]
[Round "4"]
[White "Astengo, Marcello"]
[Black "Vocaturo, Daniele"]
[Result "1/2-1/2"]
[WhiteElo "2072"]
[BlackElo "2154"]
[PlyCount "86"]
[EventDate "2004.03.08"]

1. d4 Nf6 2. c4 g6 3. Nc3 Bg7 4. e4 d6 5. f3 O-O 6. Be3 c5 7. dxc5 dxc5 8. Qxd8
Rxd8 9. Bxc5 Nc6 10. Rc1 Nd7 11. Ba3 a5 12. Nh3 Nde5 13. Nf2 Be6 14. Nd5 Bxd5
15. cxd5 Bh6 16. Rc3 Nb4 17. Bb5 Rdc8 18. Ke2 Nxa2 19. Rxc8+ Rxc8 20. Rd1 Rc2+
21. Kf1 Nb4 22. Ba4 Rc8 23. Ke2 Nc4 24. g3 Ne3 25. Rb1 Nec2 26. f4 b5 27. Bxb4
axb4 28. Bxc2 Rxc2+ 29. Ke3 b3 30. h4 f6 31. Nd3 g5 32. hxg5 fxg5 33. Nb4 gxf4+
34. gxf4 Rh2 35. Nc6 Rh3+ 36. Kd4 Kf8 37. Nd8 Rf3 38. Ne6+ Kf7 39. f5 Be3+ 40.
Ke5 h6 41. Ra1 Bf2 42. Ra8 Bg3+ 43. Kd4 Bf2+ 1/2-1/2

[Event "I Torneo Hotel Petra B"]
[Site "Roma ITA"]
[Date "2004.03.11"]
[Round "4"]
[White "Pienabarca, Nicola"]
[Black "Antoniacci, Riccardo"]
[Result "1-0"]
[WhiteElo "2077"]
[BlackElo "2062"]
[PlyCount "63"]
[EventDate "2004.03.08"]

1. d4 Nf6 2. c4 Nc6 3. Nf3 e6 4. Nc3 Bb4 5. Qc2 d6 6. a3 Bxc3+ 7. Qxc3 Ne4 8.
Qc2 f5 9. e3 b6 10. Bd3 Ng5 11. Nxg5 Qxg5 12. O-O O-O 13. f3 e5 14. b4 Bb7 15.
Bd2 Qh5 16. Bc3 f4 17. b5 Nd8 18. dxe5 dxe5 19. exf4 exf4 20. Rae1 Nf7 21. Bb4
Rfe8 22. Be4 Bxe4 23. Rxe4 Re5 24. Rxf4 Rae8 25. Re4 Qg6 26. Rxe5 Nxe5 27. Qxg6
Nxg6 28. Rd1 Ne5 29. c5 Kf7 30. f4 Ng6 31. Rd7+ Re7 32. c6 1-0

[Event "I Torneo Hotel Petra B"]
[Site "Roma ITA"]
[Date "2004.03.11"]
[Round "4"]
[White "Scacco, Mauro"]
[Black "Di Lazzaro, Gabriele"]
[Result "1-0"]
[WhiteElo "2090"]
[BlackElo "1990"]
[PlyCount "81"]
[EventDate "2004.03.08"]

1. e4 c5 2. Nf3 d6 3. c3 Nf6 4. Bd3 Nc6 5. Bc2 e5 6. h3 Be7 7. O-O O-O 8. d4
cxd4 9. cxd4 Nb4 10. Nc3 Nxc2 11. Qxc2 Qc7 12. Be3 Bd7 13. Rac1 Rfc8 14. Qb3
Qa5 15. dxe5 dxe5 16. Ng5 Rf8 17. Rfd1 Bc6 18. Nd5 Nxd5 19. exd5 Ba4 20. Qxb7
Bxg5 21. Bxg5 Bxd1 22. Rxd1 Qb6 23. Qxb6 axb6 24. Be7 f5 25. d6 Kf7 26. Bxf8
Kxf8 27. d7 Ke7 28. d8=Q+ Rxd8 29. Rxd8 Kxd8 30. Kf1 Kc7 31. Ke2 Kd6 32. Kd3
Kc5 33. a3 g5 34. b3 h5 35. f3 h4 36. Kc3 Kd5 37. a4 e4 38. fxe4+ fxe4 39. b4
e3 40. a5 b5 41. Kd3 1-0

[Event "I Torneo Hotel Petra B"]
[Site "Roma ITA"]
[Date "2004.03.12"]
[Round "5"]
[White "Barletta, Antonio"]
[Black "Scacco, Mauro"]
[Result "1/2-1/2"]
[WhiteElo "2083"]
[BlackElo "2090"]
[PlyCount "101"]
[EventDate "2004.03.08"]

1. e4 e5 2. Nf3 Nc6 3. Bb5 a6 4. Ba4 d6 5. Bxc6+ bxc6 6. d4 exd4 7. Nxd4 Bd7 8.
Nc3 Nf6 9. O-O Be7 10. Qf3 O-O 11. h3 h6 12. e5 Nd5 13. Nxd5 cxd5 14. Qxd5 dxe5
15. Nc6 Bxc6 16. Qxc6 Qd6 17. Qf3 Rab8 18. b3 Qg6 19. Qe2 Rfd8 20. Bb2 Bd6 21.
Rfe1 Re8 22. Rad1 e4 23. Rd5 Re6 24. Qh5 Qxh5 25. Rxh5 g5 26. g4 Rd8 27. h4 Bf4
28. Re2 Kh7 29. hxg5 Bxg5 30. Kg2 Kg6 31. Rh1 c5 32. Rhe1 f5 33. gxf5+ Kxf5 34.
c4 Bf4 35. Kh1 Rd3 36. Bc1 Bc7 37. Be3 Be5 38. Rg1 Bd4 39. Rg8 a5 40. Kg2 Bxe3
41. fxe3 Rg6+ 42. Rxg6 Kxg6 43. Kf2 Rd1 44. Rb2 h5 45. a3 Rh1 46. Kg2 Ra1 47.
b4 axb4 48. axb4 cxb4 49. Rxb4 Kg5 50. c5 Rc1 51. Rxe4 1/2-1/2

[Event "I Torneo Hotel Petra B"]
[Site "Roma ITA"]
[Date "2004.03.12"]
[Round "5"]
[White "Di Lazzaro, Gabriele"]
[Black "Astengo, Marcello"]
[Result "0-1"]
[WhiteElo "1990"]
[BlackElo "2072"]
[PlyCount "64"]
[EventDate "2004.03.08"]

1. e4 e6 2. d4 d5 3. Nd2 Nf6 4. e5 Nfd7 5. c3 c5 6. Bd3 Nc6 7. Ngf3 Qb6 8. O-O
g6 9. Re1 Bg7 10. b4 cxd4 11. b5 Ncxe5 12. Nb3 dxc3 13. Be3 Nxf3+ 14. Qxf3 d4
15. Bf4 O-O 16. Qg3 e5 17. Bg5 Nc5 18. Be7 Nxd3 19. Bxf8 Kxf8 20. Qxd3 Bf5 21.
Qc4 Rc8 22. Qb4+ Kg8 23. a4 d3 24. a5 Qd8 25. g4 Qg5 26. h3 d2 27. Re3 Bf8 28.
Qa4 Bc2 29. b6 Bxb3 30. Qxb3 c2 31. Rf3 d1=Q+ 32. Rxd1 cxd1=Q+ 0-1

[Event "I Torneo Hotel Petra B"]
[Site "Roma ITA"]
[Date "2004.03.12"]
[Round "5"]
[White "Verrascina, Nicola"]
[Black "Pienabarca, Nicola"]
[Result "0-1"]
[WhiteElo "2086"]
[BlackElo "2077"]
[PlyCount "82"]
[EventDate "2004.03.08"]

1. e4 e6 2. d4 d5 3. Nc3 Nf6 4. e5 Nfd7 5. f4 c5 6. Nf3 Nc6 7. Be3 cxd4 8. Nxd4
Bc5 9. Qd2 O-O 10. Be2 Nxd4 11. Bxd4 Bxd4 12. Qxd4 a6 13. O-O b5 14. f5 Qb6 15.
Qxb6 Nxb6 16. fxe6 fxe6 17. Rxf8+ Kxf8 18. Bd3 g6 19. Re1 Nd7 20. Nd1 b4 21.
Nf2 a5 22. Nh3 Ba6 23. Ng5 Ke7 24. Nxh7 Bxd3 25. cxd3 Rc8 26. Re2 d4 27. Ng5
Rc1+ 28. Kf2 Rd1 29. Nh3 Rxd3 30. Nf4 Rd1 31. Nxg6+ Kf7 32. Nf4 d3 33. Re3 Nxe5
34. h3 d2 35. Ke2 Ra1 36. Kxd2 Nc4+ 37. Kd3 Nxe3 38. Kxe3 Rxa2 39. Nd3 a4 40.
Kd2 Rxb2+ 41. Nxb2 a3 0-1

[Event "I Torneo Hotel Petra B"]
[Site "Roma ITA"]
[Date "2004.03.12"]
[Round "5"]
[White "Vocaturo, Daniele"]
[Black "Almonti, Alessandro"]
[Result "1-0"]
[WhiteElo "2154"]
[BlackElo "1894"]
[PlyCount "43"]
[EventDate "2004.03.08"]

1. e4 c5 2. Nf3 e6 3. d4 cxd4 4. Nxd4 a6 5. Bd3 d6 6. O-O Nf6 7. c4 Qc7 8. Nc3
b6 9. Qe2 Bb7 10. Kh1 Nbd7 11. f4 Rc8 12. f5 e5 13. Nd5 Nxd5 14. exd5 Be7 15.
f6 Bxf6 16. Nf5 Nc5 17. Bc2 a5 18. Qg4 Kf8 19. Ng3 Re8 20. Rxf6 h5 21. Qh4 Nd7
22. Rf2 1-0

[Event "I Torneo Hotel Petra B"]
[Site "Roma ITA"]
[Date "2004.03.13"]
[Round "6"]
[White "Almonti, Alessandro"]
[Black "Di Lazzaro, Gabriele"]
[Result "1/2-1/2"]
[WhiteElo "1894"]
[BlackElo "1990"]
[PlyCount "127"]
[EventDate "2004.03.08"]

1. e4 c5 2. Nc3 Nc6 3. d3 g6 4. g3 Bg7 5. Bg2 e6 6. Be3 d6 7. Qd2 Rb8 8. Nf3 b5
9. d4 b4 10. Ne2 c4 11. O-O Nf6 12. Bh6 O-O 13. Bxg7 Kxg7 14. Ng5 Bb7 15. f4 h6
16. Nh3 Qb6 17. Nf2 Rbd8 18. c3 a5 19. h3 Qa7 20. Kh2 Qa8 21. Qe3 Ne7 22. g4
Nfg8 23. f5 exf5 24. gxf5 Nxf5 25. Qf4 Nfe7 26. Qg3 Nf6 27. d5 Neg8 28. Bf3 Qb8
29. Rg1 Rde8 30. Nd4 Ne7 31. Raf1 Nd7 32. Ng4 Ne5 33. Qh4 Nxg4+ 34. Bxg4 Ng8
35. Be2 Qc7 36. Qg3 Rxe4 37. Ne6+ Rxe6 38. dxe6 Ne7 39. exf7 Rxf7 40. Rxf7+
Kxf7 41. Qf4+ Kg7 42. Qd4+ Kh7 43. Qf4 Nf5 44. Bxc4 bxc3 45. bxc3 Qb6 46. Qd2
d5 47. Bd3 Qc7+ 48. Kg2 Qg3+ 49. Kf1 Ne3+ 50. Ke2 Qxg1 51. Qxe3 Qxe3+ 52. Kxe3
Kg7 53. h4 Kf6 54. c4 dxc4 55. Bxc4 Ke5 56. Be2 g5 57. hxg5 hxg5 58. Bg4 Bd5
59. a3 Be6 60. Be2 Kd5 61. Kd3 Bf5+ 62. Ke3 Ke5 63. Bf3 Be6 64. Bg2 1/2-1/2

[Event "I Torneo Hotel Petra B"]
[Site "Roma ITA"]
[Date "2004.03.13"]
[Round "6"]
[White "Antoniacci, Riccardo"]
[Black "Verrascina, Nicola"]
[Result "0-1"]
[WhiteElo "2062"]
[BlackElo "2086"]
[PlyCount "46"]
[EventDate "2004.03.08"]

1. e4 Nc6 2. Nc3 e5 3. Bc4 Bc5 4. d3 d6 5. Be3 Bxe3 6. fxe3 Nf6 7. Qd2 Na5 8.
Nf3 Nxc4 9. dxc4 b6 10. O-O-O Bb7 11. Qd3 Nd7 12. b4 a5 13. a3 O-O 14. h4 Nb8
15. c5 axb4 16. axb4 Na6 17. Qc4 bxc5 18. b5 Nb4 19. Nxe5 Ra1+ 20. Kb2 Rxd1 21.
Rxd1 Qxh4 22. Nf3 Qf2 23. Rf1 Qxc2+ 0-1

[Event "I Torneo Hotel Petra B"]
[Site "Roma ITA"]
[Date "2004.03.13"]
[Round "6"]
[White "Astengo, Marcello"]
[Black "Barletta, Antonio"]
[Result "1/2-1/2"]
[WhiteElo "2072"]
[BlackElo "2083"]
[PlyCount "97"]
[EventDate "2004.03.08"]

1. d4 Nf6 2. c4 g6 3. Nc3 Bg7 4. e4 d6 5. f3 c6 6. Bg5 h6 7. Bh4 Nbd7 8. Qd2 a6
9. Rd1 Qc7 10. Nge2 O-O 11. Nc1 b5 12. Be2 Nb6 13. b3 e5 14. dxe5 dxe5 15. Qd6
Qxd6 16. Rxd6 g5 17. Bf2 b4 18. Bxb6 bxc3 19. Kf2 a5 20. a4 Bb7 21. Rhd1 Rfe8
22. Nd3 Ra6 23. Be3 Nh7 24. Nc5 Rb6 25. Rd8 Rxd8 26. Rxd8+ Bf8 27. Rb8 Kg7 28.
Rxb7 Bxc5 29. Rxb6 c2 30. Bxc5 c1=Q 31. Rxc6 Qc2 32. Rb6 Nf6 33. Rb7 g4 34. Be3
gxf3 35. gxf3 Nh5 36. Ke1 Nf4 37. Bxf4 exf4 38. h3 Kf6 39. Rb5 Kg6 40. Kf2 Qd2
41. Kf1 Qc1+ 42. Kf2 Qc3 43. Kf1 Qd2 44. Rd5 Qc3 45. Bd1 h5 46. h4 f6 47. Ke2
Qe3+ 48. Kf1 Qc3 49. Ke2 1/2-1/2

[Event "I Torneo Hotel Petra B"]
[Site "Roma ITA"]
[Date "2004.03.13"]
[Round "6"]
[White "Pienabarca, Nicola"]
[Black "Vocaturo, Daniele"]
[Result "1-0"]
[WhiteElo "2077"]
[BlackElo "2154"]
[PlyCount "71"]
[EventDate "2004.03.08"]

1. d4 Nf6 2. c4 g6 3. Nc3 Bg7 4. e4 d6 5. f4 O-O 6. Nf3 Na6 7. Be2 e5 8. fxe5
dxe5 9. d5 c6 10. dxc6 Qxd1+ 11. Bxd1 bxc6 12. O-O Re8 13. Bg5 h6 14. Be3 Ng4
15. Bd2 Bf8 16. g3 Bc5+ 17. Kg2 Ne3+ 18. Bxe3 Bxe3 19. Ba4 Bb7 20. Rad1 Re7 21.
Rd3 Bb6 22. Rfd1 Nc5 23. R3d2 Ba5 24. Bc2 Rc8 25. a3 Bxc3 26. bxc3 Rcc7 27.
Rd8+ Kg7 28. g4 Ba6 29. Ra8 Bxc4 30. Rdd8 Ne6 31. Rh8 Rb7 32. Nxe5 Rb2 33. Nxc4
Rxc2+ 34. Kf1 Rxc3 35. e5 g5 36. Rag8# 1-0

[Event "I Torneo Hotel Petra B"]
[Site "Roma ITA"]
[Date "2004.03.13"]
[Round "7"]
[White "Barletta, Antonio"]
[Black "Almonti, Alessandro"]
[Result "1-0"]
[WhiteElo "2083"]
[BlackElo "1894"]
[PlyCount "109"]
[EventDate "2004.03.08"]

1. e4 c5 2. Nc3 Nc6 3. f4 d6 4. Nf3 e6 5. d4 cxd4 6. Nxd4 Qc7 7. Be3 a6 8. Be2
Nf6 9. O-O Be7 10. Kh1 O-O 11. Qe1 b5 12. e5 Nxd4 13. Bxd4 Nd5 14. Qg3 f6 15.
Nxd5 exd5 16. c3 Bf5 17. Rae1 Be4 18. Bd3 f5 19. Bxe4 dxe4 20. Qe3 d5 21. Rg1
h5 22. a3 Qc6 23. Rd1 Rfd8 24. Rd2 Rab8 25. Rgd1 a5 26. Qg3 g6 27. b4 axb4 28.
axb4 Ra8 29. Kg1 Kh7 30. Qf2 Ra3 31. Bc5 Bxc5 32. Qxc5 Qxc5+ 33. bxc5 Rxc3 34.
Rxd5 Rc8 35. e6 Re8 36. Re5 Rd3 37. Rxd3 exd3 38. Kf2 Kg7 39. c6 Kf6 40. c7 b4
41. Ke3 g5 42. g3 gxf4+ 43. gxf4 Ke7 44. Kxd3 Kd6 45. Rxf5 Kxc7 46. Rf7+ Kd6
47. f5 b3 48. Kc3 h4 49. Kxb3 h3 50. Kc4 Rc8+ 51. Kd4 Rc2 52. e7 Re2 53. f6
Rxh2 54. e8=Q Rd2+ 55. Kc3 1-0

[Event "I Torneo Hotel Petra B"]
[Site "Roma ITA"]
[Date "2004.03.13"]
[Round "7"]
[White "Di Lazzaro, Gabriele"]
[Black "Pienabarca, Nicola"]
[Result "0-1"]
[WhiteElo "1990"]
[BlackElo "2077"]
[PlyCount "106"]
[EventDate "2004.03.08"]

1. e4 e6 2. d4 d5 3. Nd2 Nf6 4. e5 Nfd7 5. Bd3 c5 6. c3 Nc6 7. Ngf3 cxd4 8.
cxd4 f6 9. exf6 Qxf6 10. Nb3 Bd6 11. O-O O-O 12. Ng5 g6 13. Nf3 a5 14. a4 Nb4
15. Bg5 Qf7 16. Bh6 Re8 17. Bb5 b6 18. Rc1 Ba6 19. Bxa6 Nxa6 20. Qd2 Rac8 21.
Qe3 Nb4 22. Rxc8 Rxc8 23. Rc1 Rxc1+ 24. Qxc1 Qf5 25. Qc8+ Nf8 26. Nbd2 Qc2 27.
Qe8 Qc1+ 28. Nf1 Qxh6 29. h4 Qg7 30. Ne3 Qd7 31. Qa8 Qxa4 32. g3 Qd7 33. Ng4
Kg7 34. Kg2 Nc6 35. Qa6 Qc7 36. Qe2 h5 37. Ne3 Nd7 38. Qd3 Nb4 39. Qf1 e5 40.
Ng5 Nf8 41. dxe5 Bxe5 42. b3 Qc6 43. Kh2 Ne6 44. Nf3 Bf6 45. Qd1 b5 46. Ng2 d4
47. Qe1 Qxf3 48. Qxe6 Qd5 49. Qe8 Qc6 50. Qe1 Nd3 51. Qe2 Ne5 52. Ne1 d3 53.
Qd1 Qe4 0-1